000 00593nam a2200193Ia 4500
005 20250508155848.0
008 008 250505s9999 xx 000 0 eng d
037 _aDissertations
040 _aFEDL
_beng
_cFEDL
041 _aeng
_2eng
084 _a371.11, KAN/DI
_qFEDL
100 _aKant Krishana
_9767713
245 0 _aStudy of the socio-economic background and personality pattern of teacher-trainees in Delhi
260 _c1964
300 _a56p.
546 _aM. Ed. Dissertation (Delhi University)
942 _cDIS
_h371.11, KAN/DI
999 _c1359696
_d1359696